Dimensionamiento del sistema de tratamiento de aguas residuales de una planta procesadora de mariscos en la ciudad de Puntarenas
Salvato in:
| Autore principale: | |
|---|---|
| Natura: | Libro |
| Pubblicazione: |
2007
|
| Soggetti: | |
| Tags: |
Aggiungi Tag
Nessun Tag, puoi essere il primo ad aggiungerne!!
|
MARC
| LEADER | 00000nam a2200000Ia 4500 | ||
|---|---|---|---|
| 003 | 010322 | ||
| 005 | 20221231144102.0 | ||
| 008 | 140114s2007 cr a 000 ||s d | ||
| 040 | |c cru CEDI | ||
| 090 | |a TFG 5588 | ||
| 100 | |a Vindas Marín, Carlos Marcial |9 4497 | ||
| 245 | |a Dimensionamiento del sistema de tratamiento de aguas residuales de una planta procesadora de mariscos en la ciudad de Puntarenas | ||
| 260 | |c 2007 | ||
| 300 | |a xii, 89, [4] hojas; ilustraciones, planos | ||
| 500 | |a Proyecto de graduación (licenciatura en ingeniería química)--Universidad de Costa Rica. Facultad de Ingeniería. Escuela de Ingeniería Química | ||
| 650 | |x PURIFICACION DE AGUAS RESIDUALES |x PUNTARENAS (COSTA RICA) |x PLANTAS PARA TRATAMIENTO DE AGUA |9 4498 | ||
| 942 | |c TFG | ||
| 999 | |c 16673 |d 16673 | ||
